Normal view
MARC view
- Vaish, M.C .
Entry Personal Name
001 - CONTROL NUMBER
- control field: 1676
003 - CONTROL NUMBER IDENTIFIER
- control field: OSt
005 - DATE AND TIME OF LATEST TRANSACTION
- control field: 20161006140918.0
008 - FIXED-LENGTH DATA ELEMENTS
- fixed length control field: 161006|| aca||aabn | a|a d
040 ## - CATALOGING SOURCE
- Original cataloging agency: OSt
- Transcribing agency: OSt
100 ## - HEADING--PERSONAL NAME
- Personal name: Vaish, M.C .
670 ## - SOURCE DATA FOUND
- Source citation: Work cat.: (OSt)2175: Vaish, M.C ., Monetory Theory / , 1971.
